000 00524nam a2200181Ia 4500
005 20250508160345.0
008 008 250505s9999 xx 000 0 eng d
037 _aBooks to be hide in OPAC
040 _aFEDL
_beng
_cFEDL
041 _aeng
_2eng
084 _a378, WOR/O
_qFEDL
100 _aWorcester D A
_9761433
245 0 _aWhen should a child enter school?
300 _a19p.
546 _aSchool and college: A report for arizona educators
942 _cHB
_h378, WOR/O
999 _c1363978
_d1363978